[Event "World Chess Olympiad 2018"]
[Site "Batumi"]
[Date "2018.10.03"]
[Round "9"]
[Board "4"]
[WhiteFideId "6300545"]
[White "Sanal Vahap"]
[BlackFideId "4500458"]
[Black "Sirosh Ilja"]
[Result "1-0"]
[LiveChessVersion "1.4.8"]
[BlackElo "2380"]
[WhiteElo "2502"]

1. e4 {[%clk 1:30:57]} e5 {[%clk 1:30:55]} 2. Nf3 {[%clk 1:31:20]} Nc6
{[%clk 1:31:21]} 3. Bb5 {[%clk 1:31:41]} a6 {[%clk 1:31:46]} 4. Bxc6
{[%clk 1:32:04]} dxc6 {[%clk 1:32:11]} 5. O-O {[%clk 1:32:24]} Bg4
{[%clk 1:29:20]} 6. h3 {[%clk 1:32:48]} h5 {[%clk 1:27:06]} 7. d3
{[%clk 1:33:09]} Qf6 {[%clk 1:27:14]} 8. Be3 {[%clk 1:33:33]} Bxf3
{[%clk 1:25:36]} 9. Qxf3 {[%clk 1:33:56]} Qxf3 {[%clk 1:26:01]} 10. gxf3
{[%clk 1:34:22]} Bd6 {[%clk 1:21:39]} 11. Nd2 {[%clk 1:34:42]} Ne7
{[%clk 1:19:08]} 12. Rfb1 {[%clk 1:35:04]} f6 {[%clk 1:08:47]} 13. b4
{[%clk 1:34:35]} g5 {[%clk 1:08:35]} 14. a4 {[%clk 1:30:41]} Ng6 {[%clk 1:02:07]}
15. Kf1 {[%clk 1:27:35]} Kd7 {[%clk 0:52:41]} 16. Ke2 {[%clk 1:26:33]} Rhg8
{[%clk 0:50:24]} 17. Nc4 {[%clk 1:20:46]} Nf4+ {[%clk 0:33:00]} 18. Bxf4
{[%clk 1:20:31]} gxf4 {[%clk 0:33:28]} 19. c3 {[%clk 1:14:49]} b6
{[%clk 0:29:30]} 20. d4 {[%clk 1:07:39]} Ke6 {[%clk 0:28:29]} 21. Rd1
{[%clk 1:04:14]} Rad8 {[%clk 0:16:07]} 22. Rab1 {[%clk 0:57:51]} Ke7
{[%clk 0:08:42]} 23. Rd2 {[%clk 0:54:13]} Rge8 {[%clk 0:07:47]} 24. b5
{[%clk 0:38:57]} cxb5 {[%clk 0:07:31]} 25. axb5 {[%clk 0:39:18]} a5
{[%clk 0:07:41]} 26. Nb2 {[%clk 0:39:23]} Ke6 {[%clk 0:05:55]} 27. Rc2
{[%clk 0:37:32]} Rg8 {[%clk 0:04:48]} 28. Na4 {[%clk 0:31:34]} Rg2
{[%clk 0:03:17]} 29. d5+ {[%clk 0:30:14]} Kd7 {[%clk 0:02:28]} 30. c4
{[%clk 0:30:41]} Rb8 {[%clk 0:01:15]} 31. c5 {[%clk 0:29:57]} bxc5
{[%clk 0:01:41]} 32. Nxc5+ {[%clk 0:30:15]} Ke7 {[%clk 0:00:38]} 33. Na4
{[%clk 0:29:07]} Rgg8 {[%clk 0:00:37]} 34. Rc6 {[%clk 0:27:34]} Rb7
{[%clk 0:00:41]} 35. b6 {[%clk 0:24:15]} Rgb8 {[%clk 0:00:33]} 36. Rg1
{[%clk 0:23:52]} Kf7 {[%clk 0:00:37]} 37. Rgc1 {[%clk 0:22:41]} Ke7
{[%clk 0:00:33]} 38. bxc7 {[%clk 0:22:44]} Rc8 {[%clk 0:01:03]} 39. Rxd6
{[%clk 0:21:33]} Kxd6 {[%clk 0:01:31]} 40. Rc6+ {[%clk 0:51:56]} Ke7
{[%clk 0:31:52]} 41. Nc5 {[%clk 0:51:33]} Ra7 {[%clk 0:20:29]} 42. d6+
{[%clk 0:50:58]} Kf7 {[%clk 0:18:02]} 43. d7 {[%clk 0:51:00]} Rcxc7
{[%clk 0:18:19]} 44. d8=Q {[%clk 0:51:14]} 1-0

[Event "World Chess Olympiad 2018"]
[Site "Batumi"]
[Date "2018.10.03"]
[Round "9"]
[Board "1"]
[WhiteFideId "14918781"]
[White "Repka Christopher"]
[BlackFideId "14403803"]
[Black "Kadric Denis"]
[Result "1-0"]
[LiveChessVersion "1.4.8"]
[BlackElo "2543"]
[WhiteElo "2523"]

1. d4 {[%clk 1:30:59]} d6 {[%clk 1:30:58]} 2. e4 {[%clk 1:31:10]} Nf6
{[%clk 1:30:56]} 3. f3 {[%clk 1:31:05]} e5 {[%clk 1:30:22]} 4. dxe5
{[%clk 1:30:54]} dxe5 {[%clk 1:30:49]} 5. Qxd8+ {[%clk 1:31:17]} Kxd8
{[%clk 1:31:17]} 6. Bc4 {[%clk 1:31:02]} Ke8 {[%clk 1:31:41]} 7. Ne2
{[%clk 1:29:31]} a5 {[%clk 1:31:20]} 8. a4 {[%clk 1:20:24]} Nbd7 {[%clk 1:30:35]}
9. Nd2 {[%clk 1:20:27]} Nb6 {[%clk 1:28:04]} 10. b3 {[%clk 1:20:16]} Bb4
{[%clk 1:27:57]} 11. Bd3 {[%clk 1:19:50]} Be6 {[%clk 1:27:03]} 12. Bb2
{[%clk 1:18:33]} Nfd7 {[%clk 1:27:14]} 13. O-O-O {[%clk 1:16:46]} f6
{[%clk 1:22:52]} 14. Ng3 {[%clk 1:16:39]} Kf7 {[%clk 1:17:59]} 15. Nf5
{[%clk 1:17:00]} Rhd8 {[%clk 1:07:48]} 16. Ne3 {[%clk 1:16:47]} Nc5
{[%clk 1:01:24]} 17. Be2 {[%clk 1:10:31]} Bxd2+ {[%clk 0:54:28]} 18. Rxd2
{[%clk 1:10:53]} Bxb3 {[%clk 0:54:56]} 19. Rxd8 {[%clk 1:07:11]} Rxd8
{[%clk 0:55:24]} 20. cxb3 {[%clk 1:07:34]} Nxb3+ {[%clk 0:55:53]} 21. Kc2
{[%clk 0:43:40]} Rd2+ {[%clk 0:56:15]} 22. Kxb3 {[%clk 0:43:45]} Rxe2
{[%clk 0:56:42]} 23. Bc1 {[%clk 0:43:53]} Nd7 {[%clk 0:54:32]} 24. Rd1
{[%clk 0:39:14]} Nc5+ {[%clk 0:54:58]} 25. Kc4 {[%clk 0:28:33]} b6
{[%clk 0:53:55]} 26. Kb5 {[%clk 0:16:56]} Ra2 {[%clk 0:52:11]} 27. Kc6
{[%clk 0:16:45]} Ne6 {[%clk 0:51:42]} 28. Nf5 {[%clk 0:13:10]} Ke8
{[%clk 0:48:30]} 29. Be3 {[%clk 0:04:58]} Rxa4 {[%clk 0:42:18]} 30. Kb7
{[%clk 0:04:49]} Ra3 {[%clk 0:37:51]} 31. Kc8 {[%clk 0:02:53]} g6
{[%clk 0:36:37]} 32. Nh6 {[%clk 0:02:26]} Rxe3 {[%clk 0:30:02]} 33. Ng4
{[%clk 0:02:53]} Rc3 {[%clk 0:29:08]} 34. Rd7 {[%clk 0:03:07]} Ng5
{[%clk 0:29:05]} 35. Nxf6+ {[%clk 0:02:31]} Kf8 {[%clk 0:29:33]} 36. h4
{[%clk 0:01:06]} Nf7 {[%clk 0:30:00]} 37. Nxh7+ {[%clk 0:01:33]} Kg8
{[%clk 0:30:28]} 38. Nf6+ {[%clk 0:01:30]} Kg7 {[%clk 0:30:26]} 39. Nd5
{[%clk 0:01:35]} Rc2 {[%clk 0:30:21]} 40. Rxc7 {[%clk 0:30:52]} Rxg2
{[%clk 1:00:45]} 41. Kd7 {[%clk 0:29:30]} Rf2 {[%clk 0:44:21]} 42. f4
{[%clk 0:27:23]} Kf8 {[%clk 0:44:48]} 43. Rc8+ {[%clk 0:22:29]} Kg7
{[%clk 0:45:15]} 44. Ke6 {[%clk 0:22:04]} Nh6 {[%clk 0:45:41]} 45. Rc7+
{[%clk 0:22:19]} Kf8 {[%clk 0:45:22]} 46. h5 {[%clk 0:16:55]} exf4
{[%clk 0:41:07]} 47. hxg6 {[%clk 0:16:53]} Rg2 {[%clk 0:41:34]} 48. g7+
{[%clk 0:17:09]} 1-0

[Event "World Chess Olympiad 2018"]
[Site "Batumi"]
[Date "2018.10.03"]
[Round "9"]
[Board "2"]
[WhiteFideId "14400049"]
[White "Dizdarevic Emir"]
[BlackFideId "14907518"]
[Black "Jurcik Marian"]
[Result "1/2-1/2"]
[LiveChessVersion "1.4.8"]
[BlackElo "2451"]
[WhiteElo "2444"]

1. Nf3 {[%clk 1:30:48]} c5 {[%clk 1:29:46]} 2. b3 {[%clk 1:30:30]} d5
{[%clk 1:27:42]} 3. e3 {[%clk 1:30:39]} Nf6 {[%clk 1:22:57]} 4. Bb2
{[%clk 1:30:50]} e6 {[%clk 1:21:43]} 5. c4 {[%clk 1:27:03]} Be7 {[%clk 1:16:56]}
6. cxd5 {[%clk 1:26:14]} exd5 {[%clk 1:17:09]} 7. Be2 {[%clk 1:24:55]} O-O
{[%clk 1:14:04]} 8. O-O {[%clk 1:25:03]} b6 {[%clk 1:08:52]} 9. d4
{[%clk 1:24:14]} Bb7 {[%clk 1:07:27]} 10. Nc3 {[%clk 1:20:33]} Nbd7
{[%clk 0:59:46]} 11. Rc1 {[%clk 1:08:41]} Rc8 {[%clk 0:57:09]} 12. Rc2
{[%clk 1:03:46]} Bd6 {[%clk 0:51:20]} 13. Qc1 {[%clk 0:52:53]} Ne4
{[%clk 0:45:20]} 14. dxc5 {[%clk 0:47:20]} bxc5 {[%clk 0:41:56]} 15. Nxe4
{[%clk 0:44:26]} dxe4 {[%clk 0:42:16]} 16. Nd2 {[%clk 0:44:42]} Qe7
{[%clk 0:24:46]} 17. Nc4 {[%clk 0:42:05]} Bb8 {[%clk 0:22:46]} 18. Rd1
{[%clk 0:40:21]} Nb6 {[%clk 0:14:33]} 19. Rcd2 {[%clk 0:38:30]} Rfd8
{[%clk 0:10:01]} 20. Qc3 {[%clk 0:17:30]} f6 {[%clk 0:10:29]} 21. Nxb6
{[%clk 0:09:43]} axb6 {[%clk 0:10:23]} 22. g3 {[%clk 0:09:28]} Bc7
{[%clk 0:08:25]} 23. h4 {[%clk 0:06:43]} Rxd2 {[%clk 0:08:19]} 24. Rxd2
{[%clk 0:06:37]} Rd8 {[%clk 0:08:34]} 25. a4 {[%clk 0:05:59]} Rxd2
{[%clk 0:07:30]} 26. Qxd2 {[%clk 0:06:21]} Qd6 {[%clk 0:07:24]} 27. Bc4+
{[%clk 0:05:22]} Kf8 {[%clk 0:07:16]} 28. Qe2 {[%clk 0:04:42]} Bd5
{[%clk 0:06:32]} 29. Kg2 {[%clk 0:03:52]} Qe6 {[%clk 0:06:19]} 30. Bxd5
{[%clk 0:03:14]} Qxd5 1/2-1/2

[Event "World Chess Olympiad 2018"]
[Site "Batumi"]
[Date "2018.10.03"]
[Round "9"]
[Board "3"]
[WhiteFideId "14928752"]
[White "Gazik Viktor"]
[BlackFideId "14402661"]
[Black "Marjanovic Dejan"]
[Result "1-0"]
[LiveChessVersion "1.4.8"]
[BlackElo "2382"]
[WhiteElo "2486"]

1. e4 {[%clk 1:30:56]} e5 {[%clk 1:30:29]} 2. Nf3 {[%clk 1:31:01]} Nc6
{[%clk 1:30:48]} 3. Bb5 {[%clk 1:30:12]} Bc5 {[%clk 1:30:16]} 4. O-O
{[%clk 1:28:55]} Nd4 {[%clk 1:30:43]} 5. Nxd4 {[%clk 1:12:23]} Bxd4
{[%clk 1:30:58]} 6. c3 {[%clk 1:08:01]} Bb6 {[%clk 1:28:34]} 7. d4
{[%clk 1:01:47]} c6 {[%clk 1:28:50]} 8. Ba4 {[%clk 0:55:06]} d6 {[%clk 1:28:38]}
9. Bc2 {[%clk 0:47:55]} Ne7 {[%clk 1:25:27]} 10. Re1 {[%clk 0:34:07]} O-O
{[%clk 1:23:56]} 11. Be3 {[%clk 0:33:18]} Be6 {[%clk 1:19:47]} 12. Nd2
{[%clk 0:32:48]} exd4 {[%clk 1:17:00]} 13. cxd4 {[%clk 0:28:22]} d5
{[%clk 1:12:31]} 14. Qh5 {[%clk 0:27:43]} f5 {[%clk 0:45:11]} 15. Bg5
{[%clk 0:14:49]} dxe4 {[%clk 0:35:42]} 16. Nxe4 {[%clk 0:15:12]} fxe4
{[%clk 0:22:31]} 17. Rxe4 {[%clk 0:14:56]} Qe8 {[%clk 0:17:32]} 18. Qe2
{[%clk 0:10:51]} Nd5 {[%clk 0:08:23]} 19. Rxe6 {[%clk 0:11:10]} Qf7
{[%clk 0:08:39]} 20. Rf1 {[%clk 0:09:22]} Bxd4 {[%clk 0:06:14]} 21. Qe4
{[%clk 0:08:49]} Bxf2+ {[%clk 0:04:01]} 22. Kh1 {[%clk 0:09:18]} Qh5
{[%clk 0:04:17]} 23. Rh6 {[%clk 0:08:51]} Qxg5 {[%clk 0:03:02]} 24. Qxh7+
{[%clk 0:05:23]} Kf7 {[%clk 0:03:32]} 25. Bg6+ {[%clk 0:01:21]} Ke6
{[%clk 0:01:53]} 26. Qxg7 {[%clk 0:01:46]} Kd6 {[%clk 0:00:37]} 27. Bf7+
{[%clk 0:01:48]} Kc5 {[%clk 0:00:35]} 28. Qxg5 {[%clk 0:02:13]} Rxf7
{[%clk 0:01:02]} 29. Qc1+ {[%clk 0:01:16]} Kb6 {[%clk 0:01:20]} 30. Qd1
{[%clk 0:01:03]} Kc7 {[%clk 0:01:06]} 31. Qh5 {[%clk 0:00:47]} Raf8
{[%clk 0:00:38]} 32. Rh7 {[%clk 0:01:15]} Rxh7 {[%clk 0:00:54]} 33. Qxh7+
{[%clk 0:01:44]} Kb6 {[%clk 0:00:39]} 34. Qg7 {[%clk 0:02:13]} Re8
{[%clk 0:00:49]} 35. Qf7 {[%clk 0:02:37]} 1-0

[Event "World Chess Olympiad 2018"]
[Site "Batumi"]
[Date "2018.10.03"]
[Round "9"]
[Board "4"]
[WhiteFideId "14407701"]
[White "Burovic Rijad"]
[BlackFideId "14923432"]
[Black "Nayhebaver Martin"]
[Result "0-1"]
[LiveChessVersion "1.4.8"]
[BlackElo "2466"]
[WhiteElo "2380"]

1. e4 {[%clk 1:30:51]} c5 {[%clk 1:30:33]} 2. d3 {[%clk 1:31:09]} Nc6
{[%clk 1:30:24]} 3. g3 {[%clk 1:31:08]} g6 {[%clk 1:30:27]} 4. Bg2
{[%clk 1:31:31]} Bg7 {[%clk 1:30:31]} 5. f4 {[%clk 1:31:46]} d6 {[%clk 1:30:18]}
6. Nf3 {[%clk 1:32:10]} Nf6 {[%clk 1:30:18]} 7. O-O {[%clk 1:32:33]} O-O
{[%clk 1:30:31]} 8. h3 {[%clk 1:32:38]} c4 {[%clk 1:27:57]} 9. Nc3
{[%clk 1:30:32]} cxd3 {[%clk 1:26:42]} 10. cxd3 {[%clk 1:30:54]} Rb8
{[%clk 1:19:24]} 11. g4 {[%clk 1:30:12]} b5 {[%clk 1:18:52]} 12. Be3
{[%clk 1:30:23]} b4 {[%clk 1:10:08]} 13. Nd5 {[%clk 1:20:21]} Ne8
{[%clk 1:07:55]} 14. Rc1 {[%clk 1:16:14]} Bd7 {[%clk 0:50:02]} 15. f5
{[%clk 1:07:57]} e6 {[%clk 0:35:40]} 16. Bg5 {[%clk 0:52:31]} Nf6
{[%clk 0:35:46]} 17. Nxf6+ {[%clk 0:47:25]} Bxf6 {[%clk 0:36:07]} 18. Qd2
{[%clk 0:42:15]} Bxg5 {[%clk 0:17:13]} 19. Nxg5 {[%clk 0:42:34]} e5
{[%clk 0:16:38]} 20. f6 {[%clk 0:39:08]} h6 {[%clk 0:15:25]} 21. Nf3
{[%clk 0:34:22]} Kh7 {[%clk 0:15:51]} 22. g5 {[%clk 0:33:58]} Qb6+
{[%clk 0:15:17]} 23. Kh2 {[%clk 0:24:32]} h5 {[%clk 0:15:37]} 24. d4
{[%clk 0:17:25]} exd4 {[%clk 0:13:37]} 25. Rfd1 {[%clk 0:15:46]} Be6
{[%clk 0:10:09]} 26. b3 {[%clk 0:11:08]} Rfd8 {[%clk 0:08:30]} 27. Nxd4
{[%clk 0:10:30]} Nxd4 {[%clk 0:08:55]} 28. Qxd4 {[%clk 0:10:57]} Qa5
{[%clk 0:09:19]} 29. Qd2 {[%clk 0:06:54]} Qe5+ {[%clk 0:09:45]} 30. Kh1
{[%clk 0:07:08]} Qg3 {[%clk 0:09:00]} 31. Rc7 {[%clk 0:06:21]} Rb5
{[%clk 0:06:41]} 32. Qd3 {[%clk 0:03:37]} Qxg5 {[%clk 0:07:08]} 33. Qd4
{[%clk 0:01:44]} Qg3 {[%clk 0:05:08]} 34. Qd3 {[%clk 0:01:31]} Qg5
{[%clk 0:04:18]} 35. Qd4 {[%clk 0:01:49]} Ra5 {[%clk 0:04:28]} 36. Rxa7
{[%clk 0:01:42]} Rxa7 {[%clk 0:04:41]} 37. Qxa7 {[%clk 0:02:10]} Qxf6
{[%clk 0:03:03]} 38. Qb6 {[%clk 0:01:21]} Rc8 {[%clk 0:02:43]} 39. Qxd6
{[%clk 0:01:10]} Rc2 {[%clk 0:01:20]} 40. Rd2 {[%clk 0:31:00]} Qa1+
{[%clk 0:30:39]} 41. Kh2 {[%clk 0:27:53]} Qxa2 {[%clk 0:26:24]} 42. Rxc2
{[%clk 0:27:15]} Qxc2 {[%clk 0:26:45]} 43. Qxb4 {[%clk 0:27:36]} Qc7+
{[%clk 0:24:00]} 44. Kh1 {[%clk 0:25:17]} Qg3 {[%clk 0:23:46]} 45. Qe7
{[%clk 0:20:17]} Bxb3 {[%clk 0:16:10]} 46. Qf6 {[%clk 0:19:24]} h4
{[%clk 0:14:11]} 47. Qf3 {[%clk 0:18:04]} Qxf3 {[%clk 0:14:12]} 48. Bxf3
{[%clk 0:18:29]} Kh6 {[%clk 0:14:34]} 0-1

[Event "World Chess Olympiad 2018"]
[Site "Batumi"]
[Date "2018.10.03"]
[Round "9"]
[Board "1"]
[WhiteFideId "2300117"]
[White "Steingrimsson Hedinn"]
[BlackFideId "1710400"]
[Black "Grandelius Nils"]
[Result "1/2-1/2"]
[LiveChessVersion "1.4.8"]
[BlackElo "2655"]
[WhiteElo "2573"]

1. d4 {[%clk 1:30:58]} Nf6 {[%clk 1:30:20]} 2. c4 {[%clk 1:31:24]} e6
{[%clk 1:30:41]} 3. Nc3 {[%clk 1:31:53]} Bb4 {[%clk 1:30:19]} 4. Qc2
{[%clk 1:32:20]} d5 {[%clk 1:29:53]} 5. a3 {[%clk 1:32:41]} Bxc3+
{[%clk 1:29:27]} 6. Qxc3 {[%clk 1:33:09]} b6 {[%clk 1:28:48]} 7. Bg5
{[%clk 1:19:39]} dxc4 {[%clk 1:28:00]} 8. Qxc4 {[%clk 1:12:29]} Ba6
{[%clk 1:26:47]} 9. Qa4+ {[%clk 1:09:47]} Qd7 {[%clk 1:27:08]} 10. Qxd7+
{[%clk 1:08:40]} Nbxd7 {[%clk 1:27:31]} 11. e3 {[%clk 1:08:35]} Bxf1
{[%clk 1:21:27]} 12. Kxf1 {[%clk 1:09:03]} Ne4 {[%clk 1:11:04]} 13. Bh4
{[%clk 0:53:20]} c5 {[%clk 1:09:35]} 14. Nf3 {[%clk 0:50:56]} f6 {[%clk 0:54:28]}
15. Ke2 {[%clk 0:47:34]} g5 {[%clk 0:53:25]} 16. Bg3 {[%clk 0:48:02]} h5
{[%clk 0:50:23]} 17. Nd2 {[%clk 0:46:52]} Nxd2 {[%clk 0:41:56]} 18. Kxd2
{[%clk 0:47:20]} Ke7 {[%clk 0:33:43]} 19. h4 {[%clk 0:37:51]} g4 {[%clk 0:34:09]}
20. Rac1 {[%clk 0:37:04]} Rac8 {[%clk 0:33:50]} 21. a4 {[%clk 0:32:33]} Rhd8
{[%clk 0:31:02]} 22. Ke2 {[%clk 0:28:10]} cxd4 {[%clk 0:26:59]} 23. exd4
{[%clk 0:27:57]} e5 {[%clk 0:19:47]} 24. dxe5 {[%clk 0:25:48]} Nxe5
{[%clk 0:20:12]} 25. Bxe5 {[%clk 0:15:22]} fxe5 {[%clk 0:20:11]} 26. Rhd1
{[%clk 0:10:26]} Ke6 {[%clk 0:20:04]} 27. Ke3 {[%clk 0:07:13]} Rxd1
{[%clk 0:12:31]} 28. Rxd1 {[%clk 0:05:47]} Rc4 {[%clk 0:11:04]} 29. b3
{[%clk 0:05:51]} Rc2 {[%clk 0:09:06]} 30. Rd8 {[%clk 0:04:46]} Rb2
{[%clk 0:07:29]} 31. Rd3 {[%clk 0:05:07]} Kf5 {[%clk 0:06:04]} 32. Rc3
{[%clk 0:04:31]} a6 {[%clk 0:04:48]} 33. g3 {[%clk 0:04:03]} b5 {[%clk 0:04:08]}
34. a5 {[%clk 0:03:25]} b4 {[%clk 0:02:30]} 35. Rc6 {[%clk 0:02:27]} Rxb3+
{[%clk 0:02:39]} 36. Ke2 {[%clk 0:02:27]} Rb2+ {[%clk 0:01:59]} 37. Ke3
{[%clk 0:02:36]} Rb1 {[%clk 0:00:50]} 38. Rxa6 {[%clk 0:02:39]} b3
{[%clk 0:00:50]} 39. Rb6 {[%clk 0:02:18]} b2 {[%clk 0:01:01]} 1/2-1/2

[Event "World Chess Olympiad 2018"]
[Site "Batumi"]
[Date "2018.10.03"]
[Round "9"]
[Board "2"]
[WhiteFideId "1706446"]
[White "Tikkanen Hans"]
[BlackFideId "2300044"]
[Black "Hjartarson Johann"]
[Result "1/2-1/2"]
[LiveChessVersion "1.4.8"]
[BlackElo "2530"]
[WhiteElo "2520"]

1. d4 {[%clk 1:30:56]} Nf6 {[%clk 1:30:52]} 2. c4 {[%clk 1:31:20]} e6
{[%clk 1:29:47]} 3. Nc3 {[%clk 1:31:44]} d5 {[%clk 1:29:53]} 4. cxd5
{[%clk 1:31:06]} exd5 {[%clk 1:30:17]} 5. Bg5 {[%clk 1:31:14]} c6
{[%clk 1:30:23]} 6. e3 {[%clk 1:27:21]} Be7 {[%clk 1:30:13]} 7. Qc2
{[%clk 1:25:38]} Nbd7 {[%clk 1:30:14]} 8. Bd3 {[%clk 1:24:45]} Nh5
{[%clk 1:28:59]} 9. Bxe7 {[%clk 1:24:31]} Qxe7 {[%clk 1:29:21]} 10. O-O-O
{[%clk 1:24:51]} Nb6 {[%clk 1:24:59]} 11. Kb1 {[%clk 1:23:29]} g6
{[%clk 1:24:41]} 12. h3 {[%clk 1:21:05]} Ng7 {[%clk 1:20:49]} 13. g4
{[%clk 1:20:29]} Bd7 {[%clk 1:18:34]} 14. Nf3 {[%clk 1:16:40]} O-O-O
{[%clk 1:15:46]} 15. Ne5 {[%clk 1:15:48]} Be8 {[%clk 1:15:13]} 16. h4
{[%clk 1:15:20]} f6 {[%clk 1:14:33]} 17. Nf3 {[%clk 1:15:44]} Kb8
{[%clk 1:09:48]} 18. Rdg1 {[%clk 1:10:04]} Nc8 {[%clk 1:00:47]} 19. h5
{[%clk 1:00:31]} gxh5 {[%clk 1:00:31]} 20. gxh5 {[%clk 0:40:04]} Nxh5
{[%clk 1:00:23]} 21. Rh2 {[%clk 0:37:27]} Nd6 {[%clk 0:53:57]} 22. Rgh1
{[%clk 0:34:42]} Qe6 {[%clk 0:44:42]} 23. Qd1 {[%clk 0:29:58]} Ng7
{[%clk 0:36:32]} 24. Rxh7 {[%clk 0:30:07]} Rg8 {[%clk 0:35:26]} 25. Ne2
{[%clk 0:25:13]} Bf7 {[%clk 0:30:38]} 26. Qg1 {[%clk 0:19:38]} Nge8
{[%clk 0:25:52]} 27. Qh2 {[%clk 0:19:56]} Bg6 {[%clk 0:24:15]} 28. Bxg6
{[%clk 0:16:17]} Rxg6 {[%clk 0:24:42]} 29. Nf4 {[%clk 0:15:03]} Qe4+
{[%clk 0:20:49]} 30. Ka1 {[%clk 0:13:25]} Rg7 {[%clk 0:18:53]} 31. Nd2
{[%clk 0:05:43]} Qf5 {[%clk 0:15:56]} 32. Rh8 {[%clk 0:03:57]} Rc8
{[%clk 0:14:07]} 33. Rc1 {[%clk 0:01:49]} b6 {[%clk 0:11:05]} 34. Nh5
{[%clk 0:01:02]} Rgc7 {[%clk 0:10:27]} 35. Nf4 {[%clk 0:00:33]} Nf7
{[%clk 0:07:22]} 36. Qh3 {[%clk 0:00:39]} Qxh3 {[%clk 0:07:25]} 37. Rxh3
{[%clk 0:01:07]} Ng5 {[%clk 0:07:46]} 38. Rh6 {[%clk 0:01:10]} Rf7
{[%clk 0:07:17]} 39. Kb1 {[%clk 0:00:54]} Nd6 {[%clk 0:06:24]} 40. Rg1
{[%clk 0:30:49]} Nde4 {[%clk 0:35:43]} 41. Nxe4 {[%clk 0:26:34]} Nxe4
{[%clk 0:35:47]} 42. Rg2 {[%clk 0:22:27]} Kb7 {[%clk 0:33:44]} 43. Nh5
{[%clk 0:15:57]} Rcf8 {[%clk 0:32:18]} 44. Kc2 {[%clk 0:15:56]} c5
{[%clk 0:30:23]} 1/2-1/2

[Event "World Chess Olympiad 2018"]
[Site "Batumi"]
[Date "2018.10.03"]
[Round "9"]
[Board "3"]
[WhiteFideId "2300087"]
[White "Stefansson Hannes"]
[BlackFideId "1709437"]
[Black "Blomqvist Erik"]
[Result "0-1"]
[LiveChessVersion "1.4.8"]
[BlackElo "2499"]
[WhiteElo "2502"]

1. e4 {[%clk 1:30:52]} e5 {[%clk 1:30:51]} 2. Nf3 {[%clk 1:31:06]} Nc6
{[%clk 1:31:13]} 3. Bb5 {[%clk 1:31:07]} a6 {[%clk 1:31:22]} 4. Ba4
{[%clk 1:31:20]} Nf6 {[%clk 1:31:35]} 5. O-O {[%clk 1:31:30]} Be7
{[%clk 1:31:36]} 6. Re1 {[%clk 1:31:46]} b5 {[%clk 1:31:48]} 7. Bb3
{[%clk 1:32:06]} d6 {[%clk 1:31:57]} 8. c3 {[%clk 1:32:16]} O-O {[%clk 1:32:13]}
9. h3 {[%clk 1:32:22]} Bb7 {[%clk 1:32:18]} 10. d4 {[%clk 1:31:35]} Re8
{[%clk 1:32:32]} 11. Nbd2 {[%clk 1:29:23]} Bf8 {[%clk 1:32:39]} 12. d5
{[%clk 1:22:49]} Nb8 {[%clk 1:32:59]} 13. Nf1 {[%clk 1:22:53]} Nbd7
{[%clk 1:33:20]} 14. N3h2 {[%clk 1:22:22]} c6 {[%clk 1:33:26]} 15. dxc6
{[%clk 1:17:56]} Bxc6 {[%clk 1:33:51]} 16. Bg5 {[%clk 1:06:43]} Qc7
{[%clk 1:34:05]} 17. f3 {[%clk 0:58:02]} a5 {[%clk 1:29:07]} 18. a3
{[%clk 0:55:48]} Nh5 {[%clk 1:12:25]} 19. Ne3 {[%clk 0:53:49]} Nb6
{[%clk 1:00:01]} 20. Nhf1 {[%clk 0:51:32]} Be7 {[%clk 0:48:29]} 21. Bxe7
{[%clk 0:51:17]} Rxe7 {[%clk 0:48:21]} 22. Nd5 {[%clk 0:49:22]} Bxd5
{[%clk 0:47:11]} 23. Bxd5 {[%clk 0:49:38]} Rb8 {[%clk 0:45:47]} 24. Ne3
{[%clk 0:46:00]} Nf4 {[%clk 0:37:56]} 25. Ba2 {[%clk 0:43:22]} Nc4
{[%clk 0:35:01]} 26. Qc2 {[%clk 0:31:45]} Nxe3 {[%clk 0:31:15]} 27. Rxe3
{[%clk 0:32:07]} Qc5 {[%clk 0:28:48]} 28. Qd2 {[%clk 0:31:22]} b4
{[%clk 0:28:06]} 29. cxb4 {[%clk 0:29:43]} axb4 {[%clk 0:28:22]} 30. axb4
{[%clk 0:23:55]} Rxb4 {[%clk 0:25:21]} 31. Kh2 {[%clk 0:18:16]} h5
{[%clk 0:18:34]} 32. g3 {[%clk 0:16:16]} Reb7 {[%clk 0:17:33]} 33. b3
{[%clk 0:13:22]} Rd4 {[%clk 0:15:38]} 34. Qf2 {[%clk 0:13:12]} Nd3
{[%clk 0:12:53]} 35. Qf1 {[%clk 0:12:24]} h4 {[%clk 0:11:38]} 36. Re2
{[%clk 0:06:13]} hxg3+ {[%clk 0:12:01]} 37. Kxg3 {[%clk 0:06:38]} Nf4
{[%clk 0:12:04]} 38. Rf2 {[%clk 0:06:48]} Rc7 {[%clk 0:09:42]} 39. Bb1
{[%clk 0:06:21]} Qb6 {[%clk 0:08:36]} 40. Bc2 {[%clk 0:35:13]} Rc3
{[%clk 0:37:00]} 41. Qe1 {[%clk 0:32:37]} Rc8 {[%clk 0:34:52]} 42. Rd1
{[%clk 0:32:19]} Rxd1 {[%clk 0:31:46]} 43. Qxd1 {[%clk 0:32:35]} g6
{[%clk 0:31:03]} 44. Bd3 {[%clk 0:27:44]} Rc1 {[%clk 0:29:57]} 45. Qd2
{[%clk 0:26:59]} Qd4 {[%clk 0:26:09]} 46. Bf1 {[%clk 0:25:18]} 0-1